[Event "Aegean op 33rd"]
[Site "Aghios Kirykos"]
[Date "2010.07.14"]
[Round "2"]
[White "Lagopatis, Nikolaos"]
[Black "Papadopoulos, Emanouil"]
[Result "1-0"]
[WhiteElo "2208"]
[BlackElo "1744"]
[PlyCount "39"]
[EventDate "2010.07.13"]
[EventType "swiss"]
[EventRounds "9"]
[EventCountry "GRE"]
[SourceTitle "CBM 137 Extra"]
[Source "ChessBase"]
[SourceDate "2010.09.01"]
[SourceVersion "1"]
[SourceVersionDate "2010.09.01"]
[SourceQuality "1"]

1. e4 e5 2. Nf3 d6 3. d4 exd4 4. Nxd4 Nf6 5. Nc3 Be7 6. Bf4 0-0 7. Qd2 Bd7 8. 0-0-0 a6 9. e5 dxe5 10. Bxe5 Qc8 11. Bd3 Nc6 12. Nxc6 Bxc6 13. Rhe1 Qg4 14. f3 Qc8 15. Qf2 Nd7 16. Bxg7 Bg5+ 17. f4 Bxf4+ 18. Qxf4 Kxg7 19. Qg5+ Kh8 20. Qf5 1-0

[Event "Heraclion op 10th"]
[Site "Athens"]
[Date "2006.06.15"]
[Round "6"]
[White "Papadimitriou, Athanasios"]
[Black "Papadopoulos, Emanouil"]
[Result "1-0"]
[WhiteElo "1972"]
[BlackElo "1823"]
[PlyCount "39"]
[EventDate "2006.06.10"]
[EventType "swiss"]
[EventRounds "9"]
[EventCountry "GRE"]
[SourceTitle "CBM 112 Extra"]
[Source "ChessBase"]
[SourceDate "2006.07.14"]
[SourceVersion "1"]
[SourceVersionDate "2006.07.14"]
[SourceQuality "1"]

1. c4 e5 2. Nc3 Nf6 3. g3 Bc5 4. Bg2 c6 5. Qb3 Qb6 6. e3 Qxb3 7. axb3 0-0 8. Nge2 Bb6 9. 0-0 e4 10. Nxe4 Nxe4 11. Bxe4 d6 12. d4 Be6 13. Nf4 Nd7 14. Bd2 Bc7 15. d5 cxd5 16. Bxd5 Bf5 17. e4 Bg4 18. f3 Bb6+ 19. Kg2 Be6 20. Nxe6 1-0